000 013150000a22004210004500
090 _aAR
_b04498
100 1 _aSaatchi, S.
_998390
700 1 _aMalhi, Y.
_998391
700 1 _aBuermann, W.
_998392
700 1 _aAnderson, L.O.
_998393
700 1 _aAraujo, A.M.
_998394
700 1 _aPhillips, O.L.
_998395
700 1 _aPeaccock, J.
_998396
700 1 _aLópez González, G.
_998397
700 1 _aBaker, T.
_998398
700 1 _aArroyo, L.
_998399
700 1 _aAlmeida, S.
_998400
700 1 _aHiguchi, N.
_998401
700 1 _aKillen, T.
_998402
700 1 _aMonteagudo, A.
_998403
700 1 _aNeill, D.
_998404
700 1 _aPitman, N.
_998405
700 1 _aPrieto, A.
_998406
700 1 _aSalomao, R.
_998407
700 1 _aSilva, N.
_998408
700 1 _aVásquez Martínez, R.
_998409
700 1 _aLaurance, W.
_998410
700 1 _aRamírez, H.A.
_998411
245 1 0 _aMapping landscape scale variations of forest structure, biomass and productivity in Amazonia
041 0 _aInglés
690 _aInventarios de vegetación
_993148
690 _aDistribución espacial
_95206
690 _aVariables ambientales
_95226
690 _aEstructura de la vegetación
_992447
651 4 _lAmazonia
_992749
942 _cARTICULO
773 1 _tBiogeosciences discuss
_q5461-5505
_d2009
_g6
999 _c13597
_d13597